| 000 | 01317cam a22003737a 4500 | ||
|---|---|---|---|
| 003 | CHAP | ||
| 005 | 20220329132951.0 | ||
| 008 | 971013s1990 r 00010 d | ||
| 010 | _a767 | ||
| 011 | _a1739 | ||
| 035 | _a915 | ||
| 040 | _cCHAP | ||
| 090 | _aTesis | ||
| 100 | 0 | 0 |
_aPiña Cárdenas, Benjamín Alfredo. _988438 |
| 245 | 0 | _aInfluencia del nivel de alimentación sobre el comportamiento reproductivo de la oveja | |
| 260 |
_aChapingo, Méx. : _bEl autor, _c1990 |
||
| 300 |
_a140 h. _b; gráfs. |
||
| 502 | _aTesis (M.C. Esp. en Producción animal) -- UACH. Departamento de Zootecnia | ||
| 590 |
_aALEPH _b10 _c20130110 _lUCH01 _h1206 |
||
| 590 |
_aBATCH-UPD _b10 _c20130110 _lUCH01 _h1227 |
||
| 590 |
_aBATCH-UPD _b10 _c20130410 _lUCH01 _h0759 |
||
| 590 |
_aBATCH-UPD _b10 _c20130914 _lUCH01 _h1513 |
||
| 590 |
_aCONVERSION _b10 _c20130109 _lUCH01 _h1302 |
||
| 650 | 1 | 4 |
_aGanado lanar _xAlimentación. _945153 |
| 650 | 1 | 4 |
_aGanado lanar _xFecundidad. _945181 |
| 650 | 1 | 4 |
_aGanado lanar _xPeso. _945211 |
| 650 | 1 | 4 |
_aGanado lanar _xReproducción. _945220 |
| 901 | _aBK | ||
| 942 | _cFOLL | ||
| 949 |
_aP398 _bZ _cTESBD _d-3764 _eTS1 _h568 _i915 _si |
||
| 949 |
_aP398 _bZ _cTESBD _d-83939 _eTS2 _fc.2 _h569 _i915 _si |
||
| 949 |
_bBC _cTES _d-10374 _eTS1 _h22992 _i915 _si |
||
| 949 |
_bBC _cTES _d-58018 _eTS2 _fc.2 _h27015 _i915 _si |
||
| 999 |
_c767 _d767 |
||